000 00383nam a2200145Ia 4500
008 230917s9999||||xx |||||||||||||| ||und||
040 _e177992
_aMAIN
041 _aEnglish
082 _a363.7 S34S
100 _aAgassi, Menachem, ed.
245 0 _aSoil erosion, conservation, and rehabilitation
260 _aNew York
_bMarcel Dekker
_c1996
300 _axi, 402 p.
942 _cBK
999 _c156212
_d156212